000 00220nam a22000857a 4500
999 _c5705
_d5705
008 170125b xxu||||| |||| 00| 0 eng d
020 _a9788172163105
100 _92579
_aUppal.A.K
245 _aPhysical Educatina and Health
260 _aNew Delhi
_bFP
_c2010